Magyárok Historiája Második Könyv

Bibliographic Details
Main Author: Svastics, Ignác Csécsényi (Author)
Other Authors: Belnai, Juraj Alojz, 1765-1809 (Printer)
Format: Book
Language:Hungarian
PhysicalDescription:8 nečíslovaných strán, 384 strán 20 cm
Subjects:

MARC

LEADER 00000nam a2200000 4500
001 vtls012084672
003 SK-MaSNL
005 20260302024835.0
008 230421s1805 xo 0 0n0 hun
015 |a SNBHFA1805 
035 |a urn:nbn:sk:snk-am00ii3x 
035 |a E5C547E4-7B7B-4CA4-A9B7-74C7516CA79B 
040 |a SNKHFA  |b slo  |c SNKHFA  |e rda 
041 0 |a hun 
044 |a xo  |c SK 
072 7 |a 94(439)  |x Dejiny Maďarska  |2 konspekt 
080 |a 94(439)  |2 2011 
100 1 |a Svastics, Ignác Csécsényi  |4 aut  |9 463355 
245 1 0 |a Magyárok Historiája  |n Második Könyv  |c Mellyet Csétsényi Svastics Ignátz A' Györi Püspökségnek Mosonyi Esperestségében Sz. Miklósi Plébános íra. 
264 3 |a Posonyban  |b Belnay György Aloysius' Betűvel, és Kőltségével  |c 1805 
300 |a 8 nečíslovaných strán, 384 strán  |c 20 cm 
336 |a text  |b txt  |2 rdacontent 
337 |a bez média  |b n  |2 rdamedia 
338 |a zväzok  |b nc  |2 rdacarrier 
501 |a Príväzok 1. k: SVASTICS, Ignác Csécsényi. Magyárok Historiája, Elsö Könyv. Posonyban: Belnay György Aloysius' Betűvel, És Kőltségével, 1805.  |5 SNK SD 13962/1-3 
651 7 |a Maďarsko  |x dejiny  |2 SNKPH  |9 18630 
700 1 |a Belnai, Juraj Alojz,  |d 1765-1809  |4 prt  |9 219598 
752 |a Slovensko  |d Bratislava 
852 |a Slovenská národná knižnica  |b Historické fondy 
852 |a snk  |p SD 13962/1-3/prív.1 
958 |a DF 
958 |a ONDV 
999 |c 1041981  |d 1043911 
952 |a SNK  |b SNK  |y PREZ  |7 0  |p 17A1399277  |o snkSD 13962/1-3/prív.1  |i snkK 1206/2001  |8 3  |0 0  |1 0  |4 0  |d 2022-01-25  |f 1  |l 0  |r 2025-11-27 00:00:00  |w 2026-02-24 
952 |a SNK  |b SNK  |y PREZ  |7 0  |p 17A0304672  |o snkSD 13962/2 D2  |i snkF 4233/82  |8 5  |0 0  |1 0  |4 0  |d 2001-06-08  |l 0  |r 2005-01-02 00:00:00  |w 2026-02-24 
952 |a SNK  |b SNK  |y PREZ  |7 0  |p 17A0462779  |o snkSD 13962/2 D1  |i snkKSF 4778/57  |8 5  |0 0  |1 0  |4 0  |d 2001-11-20  |l 0  |r 2005-01-02 00:00:00  |w 2026-02-24